000 00567nam a22002057a 4500
999 _c5387
_d5387
001 5387
003 BD-JhCC
005 20171213184325.0
008 171213b xxu||||| |||| 00| 0 eng d
035 _a(BD-JhCC)5387
040 _aBD-JhCC
_dBD-JhCC
041 _aeng
082 _a613.3
_bMAC 1948
245 _aMachines for the farm, Ranch, and Plantation /
_cArthur W. Turner, Elmer J. Johnson,
260 _aLondon :
_bMc G Raw - Hill Book Company,
_c1948.
300 _a793 p. :
_c23 cm.
650 _aAgriculture Machinery
942 _2ddc
_cBK